|
|
|
|
| LEADER |
00000nam0a2200000 4500 |
| 001 |
108054 |
| 005 |
20231101214756.0 |
| 010 |
|
|
|a 9854751473
|
| 035 |
|
|
|a (RuTPU)RU\TPU\book\116647
|
| 090 |
|
|
|a 108054
|
| 100 |
|
|
|a 20070111d2006 m y0rusy50 ca
|
| 101 |
0 |
|
|a rus
|
| 102 |
|
|
|a BY
|
| 105 |
|
|
|a a j 001zy
|
| 200 |
1 |
|
|a Гидротехнические сооружения
|e учебное пособие для вузов
|f М. В. Нестеров
|
| 210 |
|
|
|a Минск
|c Новое знание
|d 2006
|
| 215 |
|
|
|a 616 с.
|c ил.
|
| 225 |
1 |
|
|a Техническое образование
|
| 320 |
|
|
|a Библиогр.: с. 606-609.
|
| 330 |
|
|
|a Рассмотрены основные разделы курса. Изложены основы конструирования и проектирования гидросооружений, а также даны детальные примеры их расчетов. Приведены действующие нормативные документы, справочные материалы и современные научные данные. Отдельная глава посвящена основным требованиям к курсовому и дипломному проектированию. Качественные иллюстрации значительно облегчают усвоение материала. Для студентов высших учебных заведений, обучающихся по специальности «Мелиорация и водное хозяйство». Может быть полезно для учащихся средних специальных учебных заведений, а также специалистов, занимающихся проектированием, строительством и эксплуатацией гидросооружений.
|
| 606 |
1 |
|
|a Гидротехнические сооружения
|x В целом
|2 stltpush
|3 (RuTPU)RU\TPU\subj\6818
|9 34609
|
| 610 |
1 |
|
|a водоподпорные сооружения
|
| 610 |
1 |
|
|a фильтрация
|
| 610 |
1 |
|
|a расчеты
|
| 610 |
1 |
|
|a дренажи
|
| 610 |
1 |
|
|a шпунтовые стенки
|
| 610 |
1 |
|
|a фильтрационные деформации
|
| 610 |
1 |
|
|a гидротехнические расчеты
|
| 610 |
1 |
|
|a грунты
|
| 610 |
1 |
|
|a прочность
|
| 610 |
1 |
|
|a устойчивость
|
| 610 |
1 |
|
|a береговые примыкания
|
| 610 |
1 |
|
|a каналы
|
| 610 |
1 |
|
|a водопроводящие сооружения
|
| 610 |
1 |
|
|a водорегулирующие сооружения
|
| 610 |
1 |
|
|a трубчатые сооружения
|
| 610 |
1 |
|
|a грунтовые плотины
|
| 610 |
1 |
|
|a размещение
|
| 610 |
1 |
|
|a конструирование
|
| 610 |
1 |
|
|a фильтрационные расчеты
|
| 610 |
1 |
|
|a эксплуатация
|
| 610 |
1 |
|
|a водосбросы
|
| 610 |
1 |
|
|a водозаборные сооружения
|
| 610 |
1 |
|
|a гидроузлы
|
| 610 |
1 |
|
|a пруды
|
| 610 |
1 |
|
|a водохранилища
|
| 610 |
1 |
|
|a курсовое проектирование
|
| 610 |
1 |
|
|a дипломное проектирование
|
| 610 |
1 |
|
|a положения
|
| 610 |
1 |
|
|a нормы
|
| 610 |
1 |
|
|a учебные пособия
|
| 675 |
|
|
|a 626/628(075.8)
|v 3
|
| 700 |
|
1 |
|a Нестеров
|b М. В.
|g Михаил Васильевич
|
| 801 |
|
1 |
|a RU
|b 63413507
|c 20070111
|g PSBO
|
| 801 |
|
2 |
|a RU
|b 63413507
|c 20210601
|g PSBO
|
| 900 |
|
|
|a Водохозяйственное строительство
|
| 900 |
|
|
|a Инженерные сооружения
|
| 900 |
|
|
|a Проектирование водохозяйственных систем
|
| 942 |
|
|
|c BK
|
| 959 |
|
|
|a 116/20061226
|d 1
|e 400,00
|f ЧЗТЛ:1
|
| 959 |
|
|
|a 13/20070212
|d 1
|e 416,00
|f АНЛ:1
|